Vico y boa / (Registro nro. 11064)
[ vista simple ]
| 000 -CABECERA | |
|---|---|
| Longitud fija campo de control | 00688nam a2200229 a 4500 |
| 003 - • IDENTIFICADOR DELl NÚMERO DE CONTROL | |
| Identificador del número de control | CO-ViMGA |
| 008 - • CÓDIGOS DE INFORMACIÓN DE LONGITUD FIJA | |
| Códigos de información de longitud fija | 141112s2004 ck r 000 u spa d |
| 020 ## - • NÚMERO INTERNACIONAL NORMALIZADO PARA LIBROS | |
| Número Internacional Normalizado para Libros (ISBN) | 9681647092 |
| 040 ## - FUENTE DE LA CATALOGACIÓN | |
| Centro catalogador de origen | CO-ViMGA |
| Lengua de catalogación | spa |
| Centro transcriptor | CO-ViMGA |
| 100 1# - • PUNTO DE ACCESO PRINCIPAL-NOMBRE DE PERSONA | |
| Nombre de persona | Fienberg, Anna |
| 245 10 - • TITULO PROPIAMENTE DICHO | |
| Título | Vico y boa / |
| Mención de responsabilidad, etc. | Anna Fienberg ; ilustraciones Rafael Barajas ; traducción Tedi López Mills |
| 250 ## - • MENCIÓN DE EDICIÓN | |
| Mención de edición | 2 |
| 300 ## - • DESCRIPCIÓN FÍSICA | |
| Extensión | 113 p. : il. ; 19 cm. |
| 490 ## - • MENCIÓN DE SERIE | |
| Mención de serie | A la orilla del viento |
| 650 14 - • PUNTO DE ACCESO ADICIONAL DE MATERIA - TÉRMINO DE MATERIA | |
| Término de materia o nombre geográfico como elemento inicial | CUENTOS JUVENILES AUSTRALIANOS |
| 700 1# - • PUNTO DE ACCESO ADICIONAL - NOMBRE DE PERSONA | |
| Nombre de persona | Barajas, Rafael, il. |
| 700 1# - • PUNTO DE ACCESO ADICIONAL - NOMBRE DE PERSONA | |
| Nombre de persona | López Mills, Tedi, tr. |
| 942 ## - ENTRADA DE ELEMENTOS AGREGADOS (KOHA) | |
| Fuente de clasificaión o esquema | Dewey Decimal Classification |
| Koha [por defecto] tipo de item | LIbro |
| Perdido | Fuente de clasificación o esquema | Estado Físico | No para préstamo | Forma de adquisición | Localización permanente | Localización actual | Fecha adquisición | Serie de enumeración / cronolog&íacute;a | Préstamos totales | Signatura completa | Código de barras | Fecha última consulta | Número de copia | Fecha del precio de reemplazo | Tipo de item de Koha | Localización en estanterías |
|---|---|---|---|---|---|---|---|---|---|---|---|---|---|---|---|---|
| Dewey Decimal Classification | Infantil | Biblioteca Pública José Eustasio Rivera - San Martin | Biblioteca Pública José Eustasio Rivera - San Martin | 11/28/2023 | N FIE1 | SM02854 | 11/28/2023 | Ej.1 | 11/28/2023 | Libro Infantil | Sala Infantil | |||||
| Dewey Decimal Classification | Infantil | Biblioteca Pública Puerto Lleras | Biblioteca Pública Puerto Lleras | 10/13/2023 | N FIE1 | PLL00255 | 10/13/2023 | Ej.1 | 10/13/2023 | Libro Infantil | Literatura | |||||
| Dewey Decimal Classification | Sala General | Biblioteca Barrio Emporio - Villavicencio | Biblioteca Barrio Emporio - Villavicencio | 12/04/2015 | 27/ene/2015 | C FIE1 | ICM00024 | 12/04/2015 | Ej. 1 | 12/04/2015 | LIbro | |||||
| Dewey Decimal Classification | Infantil | Biblioteca Pública San Juanito - Ernesto Maria Peña Romero | Biblioteca Pública San Juanito - Ernesto Maria Peña Romero | 10/03/2024 | N FIE | SJU01032 | 10/03/2024 | Ej.1 | 10/03/2024 | LIbro | Sala Infantil |